000 00696nam a2200217 i 4500
001 35392
003 ES-MaACL
005 20250826053621.0
007 t|
008 030212s1907 fr |||| | fre d
100 1 _aBos, Camille.
_930627
245 1 0 _aPessimisme, féminisme, moralisme /
_cpar Camille Bos.
260 _aParis :
_bFélix Alcan,
_c1907 (
_fPhilippe Renouard)
300 _aVI, 173 p. ;
_c19 cm.
490 1 _aBibliothèque de philosophie contemporaine
650 7 _aPesimismo
_2embne
_9170652
650 7 _aÉtica feminista
_2embne
_9170653
830 0 _aBibliothèque de philosophie contemporaine
_9181027
852 _aES-MaACL
_jF-12103
999 _c35392
_d35392